V Košiciach otvorili obchodný dom "Pionier"

Bibliographic Details
Main Author: red (Author)
Format: Article
Language:Slovak
Subjects:

MARC

LEADER 00000nab a2200000u 4500
001 vtls012155044
003 SK-MaSNL
005 20260303101224.0
008 221128|19511219xo ||||||| ||00 ||slo|
038 |a KEVKJB 
040 |a KEVKJB  |b slo  |e rda 
041 0 |a slo 
043 |a e-xo--- 
044 |a xo  |c SK 
072 7 |a 72  |x Architektúra  |2 konspekt 
080 |a 725.1:339.372.2  |2 2011 
100 1 |a red.  |4 aut  |9 848321 
245 1 0 |a V Košiciach otvorili obchodný dom "Pionier"  |c [autor] red. 
336 |a text  |b txt  |2 rdacontent 
337 |a bez média  |b n  |2 rdamedia 
338 |a zväzok  |b nc  |2 rdacarrier 
610 2 7 |a Obchodný dom Pionier (Košice, Slovensko)  |2 kevkjb  |9 1112744 
610 2 7 |a Andrássyho palác (Košice, Slovensko)  |2 SNKKA  |9 176239 
650 0 7 |a obchodné domy  |2 SNKPH  |9 3005 
651 7 |a Košice (Slovensko)  |2 SNKPHgeo  |9 18694 
651 7 |a Hlavná ulica (Košice, Slovensko)  |2 SNKPHgeo  |9 29594 
773 0 |t Východoslovenská Pravda  |g Roč. 7, č. 297 (19.12.1951), s. 5 
852 |a KEVKJB  |b KIS3GCP 
999 |c 1837513  |d 1839443